000 00781cab a2200265 4500
001 ABS53599
008 090401t1995 xxu||||| |||| 00| 0 eng d
035 _a(Sirsi) u5269
041 _aeng
100 _aBright, S.
245 4 _aThe new privity and covenant rules
260 _c1995
350 _a0
490 _aProperty Review
_v5(7) 12 September 1995, 208-211(4)
520 _aAn outline of the main tenets of the Landlord and Tenant (Covenants) Act 1995. Summarises the main changes.
650 _aASSIGNMENT
650 _aLANDLORD AND TENANT (COVENANTS) ACT 1995
650 _aLEASES
650 _aNEW TENANCIES
650 _aORIGINAL TENANT
650 _aPRIVITY OF CONTRACT
690 _aPROPERTY-LANDLORD AND TENANT
942 _n0
948 _c04/03/1997
999 _c3140
_d3140